000 00281nam a22001337a 4500
008 181006b xxu||||| |||| 00| 0 eng d
020 _a0618110100
041 _aeng
080 _a317
100 _a25
101 _aEDU
245 _aReading Series
_cMifflin, H
942 _2udc
_cBK
999 _c48978
_d48978